000 00485 a2200169 4500
003 OSt
005 20231220111838.0
008 231220b |||||||| |||| 00| 0 eng d
020 _a9788181436009
040 _coclc
082 _a891.433
_bPRA/A
100 _aPrakash, Uday
_910171
245 _a...AUR ANT MEIN PRARTHANA /
_cUday Prakash
260 _aNew Delhi:
_bVani Prakashan,
_c2017.
300 _a202p
942 _2ddc
_cBK
_h891.433
_iPRA/A
_k891.433
_mPRA/A
999 _c43500
_d43500